|
|
|
|
| LEADER |
00000naa2a2200000 4500 |
| 001 |
390706 |
| 005 |
20231101064012.0 |
| 035 |
|
|
|a (RuTPU)RU\TPU\prd\23981
|
| 090 |
|
|
|a 390706
|
| 100 |
|
|
|a 20040316a2003 k y0rusy50 ca
|
| 101 |
0 |
|
|a rus
|
| 102 |
|
|
|a RU
|
| 200 |
1 |
|
|a Военно-морской салон в дни празднования 300-летия Санкт-Петербурга
|
| 225 |
1 |
|
|a Выставки, семинары, конференции
|
| 461 |
|
1 |
|0 (RuTPU)RU\TPU\prd\1759
|x 0206-975X
|t Современные технологии автоматизации
|o производственно-технический журнал
|d 2000-
|
| 463 |
|
1 |
|0 (RuTPU)RU\TPU\prd\18455
|t № 3
|v С. 82
|d 2003
|
| 610 |
1 |
|
|a Санкт-Петербург
|
| 610 |
1 |
|
|a 300-летие
|
| 610 |
1 |
|
|a Военно-морской салон
|
| 610 |
1 |
|
|a международные салоны
|
| 610 |
1 |
|
|a выставки
|
| 610 |
1 |
|
|a оборонно-промышленный комплекс
|
| 801 |
|
1 |
|a RU
|b 63413507
|c 20040316
|g PSBO
|
| 801 |
|
2 |
|a RU
|b 63413507
|c 20131217
|g RCR
|
| 942 |
|
|
|c BK
|